Dictionnaire hors série n°10: Pâques - Statistiques

Statistiques générales
  • Ce quiz a été pris 138 fois
  • Le résultat moyen est 8 sur 10
Statistiques - réponses
Définitions Classes grammaticales Mots correspondants % Correct
Petit mammifère rongeur à grandes oreilles Nom Lapin
94%
Produit des femelles ovipares Nom Œuf
94%
Marquer par une fête Verbe Fêter
80%
Parfumé au chocolat Adjectif Chocolaté
79%
Essayer de découvrir quelque chose Verbe Chercher
77%
Instrument creux, évasé, en métal sonore Nom Cloche
72%
Réceptacle de vannerie pour les marchandises Nom Panier
71%
Relatif à Pâques Adjectif Pascal
70%
Etre de nouveau vivant Verbe Ressusciter
65%
Pourvu d'accessoires destinés à embellir Adjectif Décoré
58%
Aucun quiz correspondant
Distribution des résultats
% des personnes avec chaque résultat
Percentile par nombre de réponses
Votre historique - résultats
Vous n’avez pas pris ce quiz